00538cam a2200157 a 4500020003100000040000800031082002600039100001700065245009300082260006000175300002700235650003000262650002900292650003900321700002000360 a9781422125892 (alk. paper) cDLC00a658 HAR 2012 A113 Or.1 aDoz, Yves L.10aManaging global innovation :bframeworks for integrating capabilities around the world / aBoston, Mass. :bHarvard Business Review Press,cc2012. axxii, 249 p. ;c25 cm. 0aTechnological innovations 0aDiffusion of innovations 0aInternational business enterprises1 aWilson, Keeley.